01635nam a2200409 a 4500001001000000003000500010005001700015008004100032010001100073011001100084040000900095090001000104100004500114245013600159260004100295500006000336502010300396590003700499590004100536590004000577590004000617590004000657590004000697590004000737650004200777650004300819650004200862650004000904650002300944856001500967856007000982901000701052942001001059942000601069999001901075952013101094000115151CHAP20220329144519.0181030s2018 mx a sm |||||||spa d a111612 a112584 cCHAP aTesis1 aAyvar Vargas, María del Rocío.9904510aSeguro Agrícola para pequeños productores de maíz del Estado de Puebla /h[En línea]cpor María del Rocío Ayvar Vargas. aChapingo, Méx. :bEl autor,c2018. aPara ver el contenido del material haga clic en la liga aTesis (Ph.D. en Economía Agrícola) -- UACH. División de Ciencias Económico-Administrativas aBATCHb00c20181121lUCH01h0758 aE11695DGDb10c20190616lUCH01h1602 aE8697GMMb05c20181030lUCH01h1345 aE8697GMMb05c20181030lUCH01h1346 aE8697GMMb05c20181030lUCH01h1438 aE8697GMMb05c20181203lUCH01h0926 aE8697GMMb05c20190516lUCH01h155614aPolítica agrícolaxPuebla.99035314aPolítica económicaxPuebla.99052214aSeguros agrícolaxMéxico.910373414aSeguros agrícolasxLeyes.910373514aSubsidios.9110160 a1n0000677 aFinding aiduhttp://10.13.5.2/tesis/sist115151.pdfzTeclea aquí aBK cTESIS n0 c111612d111612 00104054718TESISaBCbBCd2018-10-30fTESISl0oTesisp115159-10r2019-12-31 00:00:00w2019-12-31yTESISzRecien adquirido